Statistiques concernant Pays du monde contenant un K

Cliquez ici pour prendre le quiz!

Statistiques générales

  • Ce quiz a été pris 388 fois
  • Le résultat moyen est 10 sur 15

Statistiques - réponses

Pays% Correct
Kazakhstan
91%
Kirghizistan
87%
Turkménistan
82%
Ouzbékistan
81%
Koweit
80%
Tadjikistan
79%
Kenya
77%
Kosovo
76%
Kiribati
75%
Pakistan
74%
Ukraine
53%
Irak
48%
Danemark
43%
Sri Lanka
39%
Burkina Faso
37%

Distribution des résultats

Percentile par nombre de réponses

% des personnes avec chaque résultat

Votre développement - résultats

Vous n’avez pas pris ce quiz